Поликлиническая терапия (Запись № 1457633)

Подробности
000 -МАРКЕР
контрольное поле 01720nam1a2200313 i 4500
001 - ИДЕНТИФИКАТОР ЗАПИСИ
контрольное поле RU\NLR\bibl\556384
005 - ИДЕНТИФИКАТОР ВЕРСИИ
контрольное поле 20260407112916.0
035 ## - ДРУГИЕ СИСТЕМНЫЕ НОМЕРА
Идентификатор записи (NLR Aleph) 000548526
100 ## - ДАННЫЕ ОБЩЕЙ ОБРАБОТКИ
Данные общей обработки 20040927g20039999u y0rusy50 ca
101 0# - ЯЗЫК РЕСУРСА
Язык текста, звукозаписи и т.д. русский
102 ## - СТРАНА ПУБЛИКАЦИИ ИЛИ ПРОИЗВОДСТВА
Страна публикации Российская Федерация
105 ## - ПОЛЕ КОДИРОВАННЫХ ДАННЫХ: ТЕКСТОВЫЕ МАТЕРИАЛЫ, МОНОГРАФИЧЕСКИЕ
Кодированные данные о монографическом текстовом документе ||||z |||||
200 1# - ЗАГЛАВИЕ И СВЕДЕНИЯ ОБ ОТВЕТСТВЕННОСТИ
Основное заглавие Поликлиническая терапия
Сведения, относящиеся к заглавию Учеб. для студентов мед. вузов
Первые сведения об ответственности [А.Я. Крюкова, З.А. Бакирова, Р.С. Низамутдинова и др.]
Последующие сведения об ответственности Под ред. А.Я. Крюковой
-- Гос. образоват. учреждение высш. проф. образования Башк. гос. мед. ун-т Мин-ва здравоохранения Рос. Федерации
210 ## - ПУБЛИКАЦИЯ, РАСПРОСТРАНЕНИЕ И ДР.
Место издания, распространения и т.д. Уфа
Имя издателя, распространителя и т. д. Изд-во БГМУ
Дата издания, распространения и т.д. 2003
215 ## - ФИЗИЧЕСКАЯ ХАРАКТЕРИСТИКА
Размеры 20
463 #0 - УРОВЕНЬ ФИЗИЧЕСКОЙ ЕДИНИЦЫ
Встроенное поле 001543578
606 ## - НАИМЕНОВАНИЕ ТЕМЫ КАК ПРЕДМЕТ
Наименование темы Терапевтическая помощь внебольничная
Формальный подзаголовок Руководства, пособия и т.п.
Системный номер авторитетной/нормативной записи 1267115
Идентификатор авторитетной/нормативной записи RU\NLR\auth\66203325
606 ## - НАИМЕНОВАНИЕ ТЕМЫ КАК ПРЕДМЕТ
Наименование темы Терапевтическая помощь внебольничная
Формальный подзаголовок Учебники для высших учебных заведений
Системный номер авторитетной/нормативной записи 1267115
Идентификатор авторитетной/нормативной записи RU\NLR\auth\66203325
686 ## - ИНДЕКСЫ ДРУГИХ КЛАССИФИКАЦИЙ
Индекс Р11(2)284.1я73-1
686 ## - ИНДЕКСЫ ДРУГИХ КЛАССИФИКАЦИЙ
Индекс Р41я73-1
701 #1 - ИМЯ ЛИЦА - АЛЬТЕРНАТИВНАЯ ОТВЕТСТВЕННОСТЬ
Начальный элемент ввода Крюкова
Часть имени, кроме начального элемента ввода А. Я.
Расширение инициалов личного имени Антонина Яковлевна
Код отношения Автор
701 #1 - ИМЯ ЛИЦА - АЛЬТЕРНАТИВНАЯ ОТВЕТСТВЕННОСТЬ
Начальный элемент ввода Бакирова
Часть имени, кроме начального элемента ввода З. А.
Код отношения Автор
701 #1 - ИМЯ ЛИЦА - АЛЬТЕРНАТИВНАЯ ОТВЕТСТВЕННОСТЬ
Начальный элемент ввода Низамутдинова
Часть имени, кроме начального элемента ввода Р. С.
Код отношения Автор
712 02 - НАИМЕНОВАНИЕ ОРГАНИЗАЦИИ - ВТОРИЧНАЯ ОТВЕТСТВЕННОСТЬ
Код отношения Прочие
Начальный элемент ввода Башкирский государственный медицинский университет
Идентифицирующий признак Уфа
Идентификатор авторитетной/нормативной записи RU\NLR\AUTH\889941506
Системный номер авторитетной/нормативной записи 377846
801 #0 - ИСТОЧНИК ЗАПИСИ
Страна Российская Федерация
Организация NLR
Дата составления 20040927
Правила каталогизации PSBO
801 #1 - ИСТОЧНИК ЗАПИСИ
Страна Российская Федерация
Организация NLR
Дата составления 20040927
852 ## - МЕСТОНАХОЖДЕНИЕ И ШИФР ХРАНЕНИЯ
Идентификатор организации NLR
Шифр хранения (Call Number) 2004-3/16532
942 ## - ДОПОЛНИТЕЛЬНЫЕ ЭЛЕМЕНТЫ ЗАПИСИ (АБИС)
Тип экземпляра АБИС Книга

Нет доступных экземпляров.